Southville International School and Colleges
Your cart is empty.
  • Cart
  • Lists
    Public lists Eva Luna New books Lux_list list_1
    Your lists Log in to create your own lists
  • Log in to your account
  • Your cookies
  • Search history
Southville International School and Colleges
  • Advanced search
  • Recent comments
  • Most popular
  • Libraries

Log in to your account

Log in with GOOGLE


If you do not have an external account, but do have a local account, you can still log in:

  1. Home
  2. MARC view: Professional hotel front office management /
Normal view MARC view ISBD view

Professional hotel front office management / (Record no. 48406)

[ view plain ]
MARC details
000 -LEADER
fixed length control field 00528nam a2200181Ia 4500
008 - FIXED-LENGTH DATA ELEMENTS--GENERAL INFORMATION
fixed length control field 140321s9999 xx 000 0 und d
020 ## - INTERNATIONAL STANDARD BOOK NUMBER
International Standard Book Number 9781259009686
050 ## - LIBRARY OF CONGRESS CALL NUMBER
Classification number TX 911.3.M27
Item number .B575 2012
100 ## - MAIN ENTRY--PERSONAL NAME
Personal name Bhakta, Anutosh
245 ## - TITLE STATEMENT
Title Professional hotel front office management /
Statement of responsibility, etc Anutosh Bhakta.
260 ## - PUBLICATION, DISTRIBUTION, ETC. (IMPRINT)
Place of publication, distribution, etc Philippines :
Name of publisher, distributor, etc McGraw-Hill,
Date of publication, distribution, etc c2012.
300 ## - PHYSICAL DESCRIPTION
Extent 320 p. :
Dimensions 23 cm.
500 ## - GENERAL NOTE
General note Includes bibliographical references.
521 ## - TARGET AUDIENCE NOTE
Target audience note
650 ## - SUBJECT ADDED ENTRY--TOPICAL TERM
Topical term or geographic name as entry element Hotel management.
942 ## - ADDED ENTRY ELEMENTS (KOHA)
Call number prefix Local
Koha item type Books
Holdings
Withdrawn status Lost status Damaged status Home library Current library Shelving location Date acquired Total Checkouts Total Renewals Full call number Barcode Date last seen Date checked out Price effective from Koha item type
      College Library College Library Reserve Section 03/21/2014 5 2 TX 911.3.M27 .B575 2012 C17689 07/14/2023 02/23/2023 03/21/2014 Books

Professional hotel front office management /

APA

Bhakta A., . (2012). Professional hotel front office management. Philippines: McGraw-Hill.

Chicago

Bhakta Anutosh, . 2012. Professional hotel front office management. Philippines: McGraw-Hill.

Harvard

Bhakta A., . (2012). Professional hotel front office management. Philippines: McGraw-Hill.

MLA

Bhakta Anutosh, . Professional hotel front office management. Philippines: McGraw-Hill. 2012.

  • Place hold
  • Print
  • Cite
  • Add to your cart (remove)
  • Save record
    BIBTEX Dublin Core MARCXML MARC (non-Unicode/MARC-8) MARC (Unicode/UTF-8) MARC (Unicode/UTF-8, Standard) MODS (XML) RIS
  • More searches
    Search for this title in:
    Other Libraries (WorldCat) Other Databases (Google Scholar) Online Stores (Bookfinder.com) Open Library (openlibrary.org)

Exporting to Dublin Core...

SOUTHVILLE LIBRARY

Southville International School and Colleges Library

1281 Tropical Ave. Cor. Luxembourg St., BF Homes International, Las Pinas City

Tel. No. 8256374 / 252358 Loc. 117/146

Powered by Koha